| 000 | 00800nam a22002177a 4500 | ||
|---|---|---|---|
| 005 | 20100727153125.0 | ||
| 010 | _aENG-96951 | ||
| 020 | _c125.00 | ||
| 035 | _aEN-80484 | ||
| 037 | _bDBAD/PUB | ||
| 082 | _a660 | ||
| 100 |
_aVeeraraj, A. _91923 |
||
| 245 |
_aA text book of engineering chemistry : _cby A. Veeraraj, M. Umayavalli [and] V. Suresh Kumar _bfor first year students of all branches of engineering / |
||
| 260 |
_aMadurai _bNaalanda Publications _c2004 |
||
| 270 |
_a365, T. P. K. Road, Pasumalai _bMadurai _e625004 |
||
| 300 |
_a240 p. _c24cm (pbk) |
||
| 700 |
_91708 _aUmayavalli, M. |
||
| 700 |
_aSuresh Kumar, V. _91907 |
||
| 942 |
_2ddc _cEN _h660 _mVEE |
||
| 999 |
_c37970 _d37970 |
||